Enseñanza del fútbol: ejercitaciones de la técnica individual ofensiva y del guardameta

Spremljeno u:
Bibliografski detalji
Glavni autor: Gayoso, Felipe (Autor)
Format: Knjiga
Jezik:španjolski
Izdano: Madrid Gymnos 1991
Serija:EL niño y la actividad física deportiva
Teme:
Oznake: Dodaj oznaku
Bez oznaka, Budi prvi tko označuje ovaj zapis!

MARC

LEADER 00000nam a2200000 a 4500
001 UCW7553
003 CL-VaPUC
008 930414e19910000SP |||||||||||||||||spa|d
082 0 4 |a 796.334  |b GAY  |2 21 
100 0 |a Gayoso, Felipe  |e author  |9 312717 
245 1 0 |a Enseñanza del fútbol: ejercitaciones de la técnica individual ofensiva y del guardameta 
300 |a 207 p 
942 |c BK 
945 |d 19930414 00:00:00 
260 |a Madrid  |b Gymnos  |c 1991 
650 0 |a Fútbol  |9 307513 
583 |a last modification  |c 19930414 00:00:00  |k Rodrigo Vera 
490 0 |a EL niño y la actividad física deportiva 
999 |c 220268  |d 220266 
952 |0 0  |1 0  |4 0  |6 796_334000000000000_GAY_1991  |7 0  |8 A  |9 212253  |a BIBEDU  |b BIBEDU  |d 2019-11-15  |i 2805081  |o 796.334 GAY 1991  |p 2805081  |r 2019-11-15  |w 2019-11-15  |y BK  |k EDU